Setas (hongos) : guía ilustrada /
Guardado en:
| Autor Principal: | |
|---|---|
| Formato: | Libro |
| Idioma: | Spanish |
| Publicado: |
Madrid :
Mundi-Prensa,
1979.
|
| Etiquetas: |
Agregar Etiqueta
Sin Etiquetas, Sea el primero en etiquetar este registro!
|
| LEADER | 00485nam a22001455a 4500 | ||
|---|---|---|---|
| 001 | EEA.libagro003191 | ||
| 005 | 20190619131453.0 | ||
| 008 | 130809s1979####sp############000#0#spa#d | ||
| 020 | |a 8471140810 | ||
| 082 | 0 | 4 | |a 589.222 |
| 100 | 1 | |a Diego Calonge, Francisco de. | |
| 245 | 1 | 0 | |a Setas (hongos) : |b guía ilustrada / |c Francisco de Diego Calonge. |
| 260 | |a Madrid : |b Mundi-Prensa, |c 1979. | ||
| 300 | |a 315 p., [55] h. de lám. col. ; |c 21 cm. | ||
| 859 | |a AR-BbBCA |b BIB. AGRONOMIA |h 589.222 |i D299 |p 1982/0076 | ||
